แสดงรายละเอียดบรรณานุกรม
  กลับหน้าหลัก

Brief Record : Get Marc (ISO 2709) : E-mail record : QR code ปิดหน้าต่าง
LEADER 00000nam 2200000uu 4500
001    210979
003     ULIBM
008    020711s2559 th a 000 0 tha d
041    ^atha
090    ^aVCD000382
245    วีซีดี เรื่อง คู่มือหลักสูตรความปลอดภัยของผู้ป่วยขององค์การอนามัยโลก ฉบับ สหวิชาชีพ
260    กรุงเทพฯ :^bสถาบันพระบรมราชชนก,^c2559
650  4 ^aความปลอดภัย^xผู้ป่วย
650  4 ^aความปลอดภัย^xหลักสูตร^xคู่มือ
710 2  ^aสถาบันพระบรมราชชนก
999    ^aใช้งานได้ทุกระบบ
รายการนี้ยังไม่มีแท็ก
คุณยังไม่ได้ล็อกอิน คุณสามารถมีกิจกรรมร่วมกับเว็บไซต์ได้ แต่ต้องล็อกอินก่อน ::
  ล็อกอิน
ลำดับที่ ประเภท เลขเรียก สถานที่ สถานะ
1. สื่อวีดิทัศน์
สื่อวีดิทัศน์
VCD000382 2559  
  
ชั้นวีซีดี On Shelf
  ขอยืม
   [แสดง 1/1 รายการ]

BibComment


ยังไม่เคยถูกคอมเมนท์

คอมเมนท์ทรัพยากรรายการนี้
  คอมเมนท์: วีซีดี เรื่อง คู่..
Bib 210979

 
 
 

 Union Library Management : ULibM
Copyright 2026. All Rights Reserved.
скачать бесплатно без регистрации порно красивый секс HD Sex Hindi sex

xxx gou

xxxx

bfxxx

xxxwww

Секса Видео

xxxx

Секса Видео

detube

geilexxx

C99 Shell

worms shell

blod xxx video
Ebony Coed Rihanna Rimes Takes A Dick In Her Young Twat priyaa indian fuck anal and pusssy hardcore indian women xxx desi hardcore fucking part 1 bengalixxxcouple